01082nam a2200241 a 450000100100000000500170001000800410002702000150006802000220008310000460010524500600015126001630021130000210037449000460039550400730044150400330051471000620054771000420060983000540065195201050070599900170081004000130082700004109320201002034619.0130917s2004 sp 000 0 spa d a840008263X aBNPHUbspacBNPHU1 aVázquez Vilanova, José Antonio96761010aClero y sociedad en la compostela del siglo diecinueve. aSantiago de Compostela XIX /,cJosé Antonio Vázquez VilanovabConsejo Surperior de Investigaciones Científicas :bInstituto de Estudios Gallegos,c2004. a290 p. ;c25 cm.1 aCuadernos de estudios gallegosaanexov33 aIncluye referencias bibliográficas y notas al pie de las páginas aBibliografía : p. 169- 2902 aConsejo Surperior de Investigaciones Científicas9676112 aInstituto de Estudios Gallegos967612 0aCuadernos de estudios gallegosaanexosn33967613 001050718MOaGRbGRcCTd2013-09-17iLF1l0o p41093-10r2020-06-25w2020-06-25y1ZNo se presta c40583d40583 aDO-SdBNP